000 00434nam a22001817a 4500
003 OSt
005 20220117095256.0
008 220117b |||||||| |||| 00| 0 eng d
020 _a013142971X
040 _cHU
082 _a620.002855133
100 _aEtter M. Delores
_928131
245 _aEngineering Problem Solving With C
250 _a3ED
260 _aNew Jersey
_bNew Jersey
300 _f448
942 _2ddc
_cBOOKS
_n0
999 _c27218
_d27218